| 000 | 01010nam1a22002891i 4500 | ||
|---|---|---|---|
| 001 | rc\313542 | ||
| 005 | 20240726063344.0 | ||
| 035 | _a(NLR Aleph) 008747115 | ||
| 090 |
_a9555600 _c9555600 |
||
| 100 | _a20030307g19901991m y0rusy50 ca | ||
| 101 | 2 |
_arus _ceng |
|
| 102 | _aRU | ||
| 105 | _a z||||||a| | ||
| 200 | 1 |
_aПодвиг _e[сборник] |
|
| 210 |
_aМосква _cМолодая гвардия _d1990-1991 |
||
| 215 | _d22 | ||
| 225 | 1 | _aБиблиотека героики и приключений | |
| 300 | _aПриложение к журналу "Сельская молодежь" | ||
| 300 | _aОписано по обложке. На тит. л. только авторы произведений | ||
| 422 | 0 |
_12001#$aСельская молодежь$eжурнал _tСельская молодежь |
|
| 686 | 1 | _aШ6(0)07-446 | |
| 686 | 1 | _aШ6(2=Р)75-446 | |
| 801 | 0 |
_aRU _bNLR _gpsbo |
|
| 801 | 1 |
_aRU _bELAR _2rusmarc |
|
| 852 |
_aNLR _j91-3/1181 |
||
| 942 | _cBOOK | ||